| 000 | 00594nam a2200241Ia 4500 | ||
|---|---|---|---|
| 005 | 20250425162615.0 | ||
| 008 | 250425s9999 xx 000 0 und d | ||
| 020 | _a0071151036 | ||
| 041 | _aeng | ||
| 082 | _a658.15 | ||
| 100 | _aSTEPHEN A., ROSS | ||
| 245 | 0 | _aFUNDAMENTALS OF CORPORATE FINANCE | |
| 250 | _a6TH ED. | ||
| 260 | _aBOSTON | ||
| 260 |
_aEstados Unidos _bMCGRAW-HILL _c2003 |
||
| 300 | _a776 | ||
| 500 | _aINCLUYE 1 CD | ||
| 650 | _aFINANZAS CORPORATIVAS | ||
| 700 | _aBRADFORD D., JORDAN | ||
| 700 | _aRANDOLPH W., WESTERFIELD | ||
| 942 | _c01 | ||
| 010 | _a90119 | ||
| 999 |
_c232711 _d232711 |
||